000 00682nam a2200217 a 4500
005 20220615063502.0
008 080411s2005 mx r 000 0 spa d
020 _a9871081340
035 _aUPN01000155384
049 _aCG
050 4 _aPQ2605 O1.5
_bC3.7
100 1 _aCocteau, Jean,
_d1889-1963
245 1 0 _aCartas a mi madre /
_cJean Cocteau ; tr. Pedro Ubertone.
260 _aBuenos Aires :
_bLibros del Zorzal,
_c2005.
300 _a158 p.
534 _pTraducción de:
_tLettres á sa mére
600 1 4 _aCOCTEAU, JEAN,
_d1889-1963 -
_vCORRESPONDENCIA, MEMORIAS, ETC.
_99320
650 0 _aLiteratura francesa
_95152
650 4 _aMADRES E HIJOS
_94291
905 _aLibro
999 _c127499
_d127499